00286nam a2200121Ia 450000500170000000800410001704100080005810000290006624500330009525000080012826000200013630000080015620251013221655.0251010s9999 xx 000 0 und d amar aपाटील शं. aवावरी शेंग a1ST bIndrayanic1995 a105